| 000 | 00348nam a22001337a 4500 | ||
|---|---|---|---|
| 005 | 20250901165813.0 | ||
| 008 | 250327b |||||||| |||| 00| 0 eng d | ||
| 020 | _a9789966068293 | ||
| 050 | _aPL 8704 .N93 2015 | ||
| 245 |
_aNargisi Michongomani _cJohnson Nzaro |
||
| 260 |
_aNairobi: _bOne Planet, _c2015. |
||
| 300 |
_a234 p.: _c18 cm. |
||
| 942 | _2lcc | ||
| 999 |
_c9434 _d9434 |
||